000 00303nam a2200121Ia 4500
008 240731s9999 xx 000 0 und d
022 _a2029-7009
245 0 _aGeodesy and Cartography
260 _bTaylor & Francis
856 _uhttps://www.tandfonline.com/loi/tgac20
942 _2ddc
942 _cTFEJ
999 _c76703
_d76703
945 _a1
_bMadushi Gamage
_c1
_dMadushi Gamage